[Event "Charlotte Spring IMB 2024"]
[Site "Charlotte"]
[Date "2024.03.31"]
[Round "9"]
[White "Narayanan, Samrug"]
[Black "Lima, Darcy Gustavo Macha"]
[Result "0-1"]
[WhiteElo "2343"]
[BlackElo "2364"]
[PlyCount "102"]
[EventDate "2024.03.27"]
[EventType "tourn"]
[EventRounds "9"]
[EventCountry "USA"]
[SourceTitle "CB14_2024"]
[SourceDate "2024.04.01"]
[SourceVersion "1"]
[SourceVersionDate "2024.04.01"]
[SourceQuality "1"]

1. e4 d6 2. d4 Nf6 3. Nc3 g6 4. Be3 a6 5. a4 Nbd7 6. Nf3 Bg7 7. h3 0-0 8. a5 b5 9. axb6 cxb6 10. Bd3 Bb7 11. 0-0 e6 12. Re1 b5 13. Qd2 b4 14. Ne2 Bxe4 15. Bxe4 Nxe4 16. Qxb4 d5 17. Nd2 a5 18. Qa3 Nxd2 19. Bxd2 Qc7 20. Qd3 a4 21. b3 axb3 22. cxb3 Qb7 23. Rxa8 Rxa8 24. b4 Nb6 25. Rb1 Nc4 26. Be1 Qb5 27. Qd1 Ra3 28. Nc1 Nd6 29. Nb3 Qc4 30. Bd2 h5 31. Be3 Qxb4 32. Nc5 Qc3 33. g4 hxg4 34. Qxg4 Ra1 35. Rxa1 Qxa1+ 36. Kh2 Nf5 37. Nxe6 fxe6 38. Qxg6 Qa6 39. Qe8+ Kh7 40. Qh5+ Kg8 41. Qe8+ Bf8 42. h4 Qd6+ 43. Kh3 Qe7 44. Qg6+ Bg7 45. h5 Qh4+ 46. Kg2 Nxe3+ 47. fxe3 Qe4+ 48. Kf2 Qxg6 49. hxg6 Bh6 50. Kf3 Kg7 51. e4 Kxg6 0-1

[Event "Charlotte Spring IMB 2024"]
[Site "Charlotte"]
[Date "2024.03.27"]
[Round "1"]
[White "Lima, Darcy Gustavo Macha"]
[Black "Castillo Coca, Mairebys"]
[Result "1-0"]
[WhiteElo "2364"]
[BlackElo "2043"]
[PlyCount "105"]
[EventDate "2024.03.27"]
[EventType "tourn"]
[EventRounds "9"]
[EventCountry "USA"]
[SourceTitle "CB14_2024"]
[SourceDate "2024.04.01"]
[SourceVersion "1"]
[SourceVersionDate "2024.04.01"]
[SourceQuality "1"]

1. c4 e5 2. g3 Nf6 3. Bg2 Be7 4. Nf3 d6 5. 0-0 0-0 6. Nc3 c6 7. e4 Nbd7 8. d4 a6 9. h3 b5 10. c5 Bb7 11. cxd6 Bxd6 12. Be3 Re8 13. Qc2 Qc7 14. Rad1 Rac8 15. dxe5 Nxe5 16. Nh4 Nc4 17. Bd4 Be5 18. Bxe5 Qxe5 19. b3 Nb6 20. Nf5 Rcd8 21. f4 Qc5+ 22. Qf2 Qxf2+ 23. Kxf2 Nc8 24. e5 Nd5 25. Ne4 g6 26. Ne3 Nxe3 27. Nf6+ Kh8 28. Kxe3 Rf8 29. Nd7 Rfe8 30. Nc5 Ba8 31. Nxa6 Ne7 32. Be4 Bb7 33. Nc5 Bc8 34. g4 Kg7 35. a4 bxa4 36. bxa4 h5 37. Rxd8 Rxd8 38. f5 Nd5+ 39. Kf3 hxg4+ 40. hxg4 Nc3 41. f6+ Kh6 42. Rc1 Nxe4 43. Nxe4 Rd3+ 44. Kf4 g5+ 45. Nxg5 Rd4+ 46. Ke3 Rxa4 47. Nxf7+ Kg6 48. Nd6 Bd7 49. Rf1 Ra3+ 50. Kd4 Ra4+ 51. Kc5 Be6 52. f7 Bxf7 53. Nxf7 1-0

[Event "New York President's Day IM-B"]
[Site "New York"]
[Date "2024.02.19"]
[Round "8"]
[White "Rajesh, CS."]
[Black "Lima, Darcy Gustavo Macha"]
[Result "1/2-1/2"]
[WhiteElo "2218"]
[BlackElo "2375"]
[PlyCount "110"]
[EventDate "2024.02.15"]
[EventType "schev"]
[EventRounds "9"]
[EventCountry "USA"]
[SourceTitle "CB08_2024"]
[SourceDate "2024.02.21"]
[SourceVersion "1"]
[SourceVersionDate "2024.02.21"]
[SourceQuality "1"]

1. Nf3 c5 2. e4 d6 3. d4 cxd4 4. Nxd4 Nf6 5. Nc3 Nc6 6. Be2 g6 7. Be3 Bg7 8. f3 0-0 9. Qd2 d5 10. Nxc6 bxc6 11. exd5 Nxd5 12. Nxd5 cxd5 13. c3 e5 14. 0-0 Bb7 15. b4 Re8 16. a4 d4 17. Bg5 Qd6 18. cxd4 exd4 19. Bb5 Rec8 20. Rfc1 Be5 21. f4 Bg7 22. Rab1 h6 23. Bh4 Be4 24. Rxc8+ Rxc8 25. Bd3 Bxd3 26. Qxd3 Qxf4 27. Be1 Qe3+ 28. Qxe3 dxe3 29. g3 Kf8 30. b5 Ke8 31. a5 Kd7 32. Kg2 Rc2+ 33. Kf3 Rxh2 34. Kxe3 Be5 35. Kf3 Ra2 36. b6 axb6 37. Rxb6 Ra3+ 38. Kg2 h5 39. Ra6 Ra2+ 40. Kf3 Ra3+ 41. Kg2 Bd4 42. Bb4 Ra2+ 43. Kh3 Bg1 44. Rd6+ Kc8 45. Rd2 Rxd2 46. Bxd2 Bd4 47. g4 hxg4+ 48. Kxg4 f6 49. Kf4 Kb7 50. Ke4 Bb2 51. Kd5 Ka6 52. Ke6 Kb5 53. Be1 Ba1 54. Bh4 Kxa5 55. Bxf6 Bxf6 1/2-1/2

[Event "New York President's Day IM-B"]
[Site "New York"]
[Date "2024.02.17"]
[Round "4"]
[White "Poliannikov, Danila"]
[Black "Lima, Darcy Gustavo Macha"]
[Result "1-0"]
[WhiteElo "2276"]
[BlackElo "2375"]
[PlyCount "89"]
[EventDate "2024.02.15"]
[EventType "schev"]
[EventRounds "9"]
[EventCountry "USA"]
[SourceTitle "CB08_2024"]
[SourceDate "2024.02.21"]
[SourceVersion "1"]
[SourceVersionDate "2024.02.21"]
[SourceQuality "1"]

1. e4 e5 2. Nf3 Nc6 3. Bb5 a6 4. Ba4 Bc5 5. 0-0 Nge7 6. c3 Ng6 7. d4 Ba7 8. Bg5 f6 9. Be3 0-0 10. Nbd2 d6 11. Re1 Kh8 12. h3 Bd7 13. Nf1 Qe8 14. Bc2 Nd8 15. Ng3 Ne7 16. b4 Nf7 17. a4 c6 18. a5 Be6 19. Qd3 g6 20. Qe2 Bb8 21. c4 Bc7 22. d5 Bd7 23. Nh4 cxd5 24. cxd5 Nc8 25. Rac1 Na7 26. Bd3 Bd8 27. Nf3 Nb5 28. Nd2 Rc8 29. Rxc8 Bxc8 30. Rc1 Bd7 31. Nc4 Kg7 32. Nb6 Bxb6 33. axb6 Nd8 34. h4 f5 35. exf5 gxf5 36. f4 Qg6 37. Qf2 Kh8 38. h5 Qf7 39. fxe5 Qxd5 40. Bxb5 axb5 41. exd6 Bc6 42. Bd4+ Kg8 43. Rc5 Qxd6 44. Nxf5 Bd7 45. Ng3 1-0

[Event "Marianske Lazne IM-B2 22nd"]
[Site "Marianske Lazne"]
[Date "2024.01.16"]
[Round "4"]
[White "Lima, Darcy Gustavo Macha"]
[Black "Plischki, Sebastian"]
[Result "1-0"]
[WhiteElo "2370"]
[BlackElo "2345"]
[PlyCount "55"]
[EventDate "2024.01.13"]
[EventType "tourn"]
[EventRounds "9"]
[EventCountry "CZE"]
[EventCategory "1"]
[SourceTitle "CB04_2024"]
[SourceDate "2023.10.16"]
[SourceVersion "1"]
[SourceVersionDate "2023.10.16"]
[SourceQuality "1"]

1. c4 e6 2. Nf3 d5 3. g3 d4 4. Bg2 Nc6 5. 0-0 Bc5 6. d3 Nf6 7. Nbd2 a5 8. Nb3 Be7 9. e3 dxe3 10. Bxe3 Ng4 11. Bc5 0-0 12. Bxe7 Qxe7 13. a4 Qb4 14. Qc2 e5 15. Rfe1 f6 16. h3 Nh6 17. d4 exd4 18. Nfxd4 Nxd4 19. Nxd4 c6 20. Rad1 Bd7 21. Re3 Rad8 22. Red3 Nf7 23. c5 Ne5 24. Ne6 Nxd3 25. Nxd8 Bf5 26. Rxd3 Bxd3 27. Qxd3 Qxa4 28. Ne6 1-0

[Event "Marianske Lazne IM-B2 22nd"]
[Site "Marianske Lazne"]
[Date "2024.01.16"]
[Round "5"]
[White "Luberanski, Jakub"]
[Black "Lima, Darcy Gustavo Macha"]
[Result "0-1"]
[WhiteElo "2278"]
[BlackElo "2370"]
[PlyCount "48"]
[EventDate "2024.01.13"]
[EventType "tourn"]
[EventRounds "9"]
[EventCountry "CZE"]
[EventCategory "1"]
[SourceTitle "CB04_2024"]
[SourceDate "2023.10.16"]
[SourceVersion "1"]
[SourceVersionDate "2023.10.16"]
[SourceQuality "1"]

1. e4 e5 2. Nf3 Nc6 3. Bb5 Nf6 4. 0-0 Bc5 5. d3 Nd4 6. Nxd4 Bxd4 7. c3 Bb6 8. Bg5 h6 9. Bh4 c6 10. Ba4 g5 11. Bg3 d6 12. Kh1 h5 13. f3 h4 14. Bf2 Nh5 15. Kg1 Ng3 16. hxg3 hxg3 17. Bxb6 Qf6 18. Re1 axb6 19. Kf1 Rh2 20. d4 Bh3 21. Ke2 Bxg2 22. Kd3 Bxf3 23. Qb3 Be2+ 24. Rxe2 Qf3+ 0-1

[Event "BRA-ch 89th"]
[Site "Recife"]
[Date "2023.12.21"]
[Round "11"]
[White "Asfora, Marco Antonio Hazin"]
[Black "Lima, Darcy Gustavo Macha"]
[Result "0-1"]
[WhiteElo "2140"]
[BlackElo "2377"]
[PlyCount "108"]
[EventDate "2023.12.13"]
[EventType "swiss"]
[EventRounds "11"]
[EventCountry "BRA"]
[SourceTitle "CB52_2023"]
[SourceDate "2023.12.27"]
[SourceVersion "1"]
[SourceVersionDate "2023.12.27"]
[SourceQuality "1"]

1. e4 c5 2. Nf3 d6 3. d4 cxd4 4. Nxd4 Nf6 5. Nc3 Nc6 6. Be2 e6 7. Be3 Be7 8. 0-0 0-0 9. f4 Bd7 10. Bf3 Qc7 11. Qd2 Rac8 12. Nxc6 Bxc6 13. Qf2 b5 14. a3 a5 15. Bb6 Qb7 16. Bxa5 Nxe4 17. Bxe4 Bxe4 18. Nxe4 Qxe4 19. c3 g6 20. Bb4 Rfd8 21. Rad1 Rc4 22. Qf3 Qc6 23. Qxc6 Rxc6 24. Rd3 Bf6 25. Rfd1 d5 26. Kf2 h5 27. g3 Kg7 28. Kf3 Rc4 29. Ba5 Rb8 30. Bb4 Rb6 31. h3 g5 32. f5 g4+ 33. Kg2 Rbc6 34. fxe6 fxe6 35. hxg4 hxg4 36. Re1 Ra6 37. Rde3 Kf7 38. R3e2 Rc8 39. Rh1 Kg6 40. Rhe1 Rcc6 41. Rd1 Ra8 42. Rde1 Kf7 43. Rh1 Kg6 44. Rd1 Rh8 45. Rde1 Kf7 46. Rd1 Rh5 47. Rf1 e5 48. Rh1 Rxh1 49. Kxh1 Ke6 50. Kg2 Kf5 51. Bf8 d4 52. cxd4 exd4 53. Kf2 d3 54. Rd2 Ke4 0-1

[Event "BRA-ch 89th"]
[Site "Recife"]
[Date "2023.12.20"]
[Round "10"]
[White "Lima, Darcy Gustavo Macha"]
[Black "Supi, Luis Paulo"]
[Result "0-1"]
[WhiteElo "2377"]
[BlackElo "2579"]
[PlyCount "44"]
[EventDate "2023.12.13"]
[EventType "swiss"]
[EventRounds "11"]
[EventCountry "BRA"]
[SourceTitle "CB52_2023"]
[SourceDate "2023.12.27"]
[SourceVersion "1"]
[SourceVersionDate "2023.12.27"]
[SourceQuality "1"]

1. Nf3 d5 2. g3 c6 3. c4 Nf6 4. Bg2 Bg4 5. Ne5 Bf5 6. 0-0 Nbd7 7. d4 e6 8. Nc3 Be7 9. Qb3 0-0 10. Bf4 Nxe5 11. Bxe5 Qb6 12. Rac1 Nd7 13. Bf4 dxc4 14. Qxc4 Qxb2 15. e4 Nb6 16. Qd3 Bg6 17. Rb1 Qa3 18. Rb3 Qa5 19. Rfb1 Rad8 20. Qe3 Nc4 21. Qe1 b5 22. Rd1 e5 0-1

[Event "US Masters op"]
[Site "Charlotte"]
[Date "2023.11.23"]
[Round "3"]
[White "Lima, Darcy Gustavo Macha"]
[Black "Brodsky, David"]
[Result "0-1"]
[WhiteElo "2405"]
[BlackElo "2497"]
[PlyCount "70"]
[EventDate "2023.11.22"]
[EventType "swiss"]
[EventRounds "9"]
[EventCountry "USA"]
[SourceTitle "CB48_2023"]
[SourceDate "2023.11.29"]
[SourceVersion "1"]
[SourceVersionDate "2023.11.29"]
[SourceQuality "1"]

1. c4 c5 2. Nf3 Nc6 3. Nc3 e6 4. e4 Nd4 5. Nb5 Nxb5 6. cxb5 d5 7. e5 Ne7 8. b3 Ng6 9. h4 f6 10. Bb2 Be7 11. h5 Nxe5 12. Nxe5 fxe5 13. h6 g6 14. Bxe5 Bf6 15. Qe2 0-0 16. Rc1 b6 17. g4 a6 18. a4 axb5 19. axb5 Bd7 20. f4 Bxe5 21. Qxe5 Qf6 22. Be2 Qxe5 23. fxe5 Rf4 24. Rh3 Ra5 25. Rf3 Rxg4 26. Kf2 Ra8 27. Rf1 Rg5 28. Re3 Ra2 29. Rd1 Kf7 30. Kf3 Ke7 31. d4 cxd4 32. Rxd4 Rh5 33. Kg3 Rh1 34. Bf3 Rg1+ 35. Kh3 Bxb5 0-1

[Event "Charlotte CCCSA Fall IM-C"]
[Site "Charlotte"]
[Date "2023.11.21"]
[Round "9"]
[White "Lima, Darcy Gustavo Macha"]
[Black "Guo, Ethan"]
[Result "1-0"]
[WhiteElo "2405"]
[BlackElo "2026"]
[PlyCount "95"]
[EventDate "2023.11.17"]
[EventType "tourn"]
[EventRounds "9"]
[EventCountry "USA"]
[SourceTitle "CB48_2023"]
[SourceDate "2023.11.29"]
[SourceVersion "1"]
[SourceVersionDate "2023.11.29"]
[SourceQuality "1"]

1. c4 c6 2. g3 d5 3. Nf3 Nf6 4. Bg2 g6 5. b3 Bg7 6. d4 0-0 7. Bb2 a5 8. Nc3 Ne4 9. 0-0 Nxc3 10. Bxc3 a4 11. Qd2 axb3 12. axb3 Rxa1 13. Rxa1 Qb6 14. Qa2 dxc4 15. bxc4 c5 16. dxc5 Qxc5 17. Bxg7 Kxg7 18. Qb2+ Kg8 19. Qb5 Na6 20. e3 Rd8 21. h4 h5 22. Nd4 Qc7 23. Nb3 Nb8 24. Qc5 Na6 25. Qxc7 Nxc7 26. Na5 Ne6 27. Nxb7 Rd7 28. Ra8 Rc7 29. c5 Kg7 30. c6 Nf8 31. Nc5 Nh7 32. Na4 Nf6 33. Nc3 Bh3 34. Bxh3 Rxc6 35. Rc8 Ra6 36. Rc7 e6 37. e4 Ne8 38. Rd7 Nf6 39. Rc7 Ne8 40. Rc5 Nf6 41. e5 Nd7 42. Rb5 Rc6 43. Ne4 Rc1+ 44. Bf1 Re1 45. f3 Rd1 46. Kf2 Rd5 47. f4 Rd4 48. Nd6 1-0

[Event "Charlotte CCCSA Fall IM-C"]
[Site "Charlotte"]
[Date "2023.11.19"]
[Round "5"]
[White "Song, Ethan"]
[Black "Lima, Darcy Gustavo Macha"]
[Result "1-0"]
[WhiteElo "2176"]
[BlackElo "2405"]
[PlyCount "97"]
[EventDate "2023.11.17"]
[EventType "tourn"]
[EventRounds "9"]
[EventCountry "USA"]
[SourceTitle "CB48_2023"]
[SourceDate "2023.11.29"]
[SourceVersion "1"]
[SourceVersionDate "2023.11.29"]
[SourceQuality "1"]

1. e4 e5 2. Nf3 Nc6 3. Bb5 a6 4. Ba4 Nge7 5. c3 d6 6. d4 Bd7 7. Bb3 h6 8. dxe5 dxe5 9. 0-0 Ng6 10. Nbd2 Bc5 11. Nc4 0-0 12. Ne3 Nce7 13. Qc2 c6 14. Nf5 Qc8 15. Be3 Bxe3 16. Nxe7+ Nxe7 17. fxe3 Ng6 18. Qf2 Be6 19. Qg3 Bxb3 20. axb3 Qe6 21. h4 Qxb3 22. h5 Ne7 23. Nxe5 Rad8 24. Kh2 Qe6 25. Rf2 f6 26. Ng4 Kh8 27. Rf4 c5 28. Raf1 Nc6 29. Qf3 Ne5 30. Nxe5 Qxe5 31. Kg1 Rfe8 32. Rd1 Rd6 33. Kf2 Red8 34. Rxd6 Qxd6 35. Rf5 Qb6 36. Kg3 Re8 37. Kh3 Qe6 38. Kg3 Qxe4 39. Qxe4 Rxe4 40. Kf3 Rc4 41. Rf4 Rxf4+ 42. Kxf4 Kg8 43. Ke4 Kf7 44. Kd5 c4 45. Kxc4 Ke6 46. Kc5 f5 47. Kb6 Kd5 48. Kxb7 a5 49. Kb6 1-0

[Event "Charlotte CCCSA Fall IM-C"]
[Site "Charlotte"]
[Date "2023.11.18"]
[Round "4"]
[White "Lima, Darcy Gustavo Macha"]
[Black "Nandhakumar, Vaseegaran"]
[Result "1-0"]
[WhiteElo "2405"]
[BlackElo "2177"]
[PlyCount "70"]
[EventDate "2023.11.17"]
[EventType "tourn"]
[EventRounds "9"]
[EventCountry "USA"]
[SourceTitle "CB48_2023"]
[SourceDate "2023.11.29"]
[SourceVersion "1"]
[SourceVersionDate "2023.11.29"]
[SourceQuality "1"]

1. d4 g6 2. c4 Bg7 3. g3 Nf6 4. Bg2 0-0 5. Nc3 d6 6. h3 Nc6 7. Nf3 a6 8. e4 Rb8 9. 0-0 b5 10. d5 Na5 11. cxb5 axb5 12. b4 Nc4 13. Nd4 Bd7 14. a4 bxa4 15. b5 Nb6 16. Qd3 e6 17. Be3 exd5 18. exd5 Ra8 19. Nc6 Bxc6 20. bxc6 Ne8 21. Ra2 Bxc3 22. Qxc3 f5 23. Rb1 Rf7 24. Rb5 g5 25. Qb4 f4 26. Bxb6 cxb6 27. Rxb6 Qe7 28. Kh2 h5 29. Rxa4 Rxa4 30. Qxa4 f3 31. Bf1 Nf6 32. Qd4 h4 33. gxh4 gxh4 34. Rb8+ Kg7 35. Bd3 Qe5+ 1-0

[Event "Charlotte CCCSA Fall IM-C"]
[Site "Charlotte"]
[Date "2023.11.17"]
[Round "1"]
[White "Wang, Isaac"]
[Black "Lima, Darcy Gustavo Macha"]
[Result "1/2-1/2"]
[WhiteElo "2377"]
[BlackElo "2405"]
[PlyCount "110"]
[EventDate "2023.11.17"]
[EventType "tourn"]
[EventRounds "9"]
[EventCountry "USA"]
[SourceTitle "CB48_2023"]
[SourceDate "2023.11.29"]
[SourceVersion "1"]
[SourceVersionDate "2023.11.29"]
[SourceQuality "1"]

1. d4 d5 2. c4 dxc4 3. e4 c5 4. d5 Nf6 5. Nc3 e6 6. Bxc4 exd5 7. Nxd5 Nxd5 8. Bxd5 Be7 9. Nf3 0-0 10. 0-0 Qb6 11. Be3 Nc6 12. Qe2 Be6 13. Rfd1 Rfd8 14. Rac1 Nb4 15. Qc4 Bxd5 16. exd5 Qg6 17. a3 b5 18. Ne5 Qf5 19. Qxb5 Qxe5 20. axb4 cxb4 21. b3 h5 22. Qd3 Rd7 23. f4 Qf6 24. Rc6 Bd6 25. Rf1 Re8 26. Bd4 Qd8 27. Qf5 Bf8 28. d6 g6 29. Qg5 Qxg5 30. fxg5 Bxd6 31. Bxa7 Bxh2+ 32. Kxh2 Rxa7 33. Rc4 Re5 34. Rxb4 Rxg5 35. Rbf4 Ra2 36. R1f2 Rxf2 37. Rxf2 Rb5 38. Rb2 Rb4 39. Kg3 g5 40. Kf3 h4 41. Ke3 Kg7 42. Kd3 Kg6 43. Kc3 Rb8 44. b4 f5 45. b5 g4 46. Kd4 f4 47. Ke4 Kg5 48. b6 Re8+ 49. Kd3 f3 50. gxf3 g3 51. Rb4 Kh5 52. Rb5+ Kg6 53. Rb4 Kh5 54. Rb5+ Kg6 55. Rb4 Kh5 1/2-1/2

[Event "Wch Seniors 50 31st"]
[Site "Terassini"]
[Date "2023.11.04"]
[Round "10"]
[White "Golovchuk, Oleg"]
[Black "Lima, Darcy Gustavo Macha"]
[Result "1-0"]
[WhiteElo "2067"]
[BlackElo "2416"]
[PlyCount "97"]
[EventDate "2023.10.25"]
[EventType "swiss"]
[EventRounds "11"]
[EventCountry "ITA"]
[SourceTitle "Mega2024 Update 01"]
[Source "Chessbase"]
[SourceDate "2023.11.12"]
[SourceVersion "1"]
[SourceVersionDate "2023.11.12"]
[SourceQuality "1"]

1. e4 e5 2. Nf3 Nc6 3. Nc3 g6 4. d4 exd4 5. Nxd4 Bg7 6. Nxc6 bxc6 7. Bc4 d6 8. 0-0 Ne7 9. Bg5 Be6 10. Qd3 h6 11. Bh4 g5 12. Bxe6 fxe6 13. Bg3 Ng6 14. e5 Nxe5 15. Bxe5 Bxe5 16. Qg6+ Kd7 17. Rfe1 Qf6 18. Qd3 Bxc3 19. bxc3 Rab8 20. Re2 Rb5 21. Rae1 Rf8 22. f3 e5 23. Re4 Rfb8 24. Kf2 Rd5 25. Qa6 Rd2+ 26. R1e2 Rxe2+ 27. Rxe2 Rb1 28. Re4 Rb2 29. Qa4 Qf7 30. c4 Qg8 31. a3 Qb8 32. c5 Qb5 33. cxd6 Qc5+ 34. Kg3 Rxc2 35. dxc7 Qf2+ 36. Kg4 Qxg2+ 37. Kf5 Qxf3+ 38. Kg6 Qd3 39. Kg7 Kxc7 40. Qxa7+ Kc8 41. Qa8+ Kd7 42. Qb7+ Ke6 43. Qf7+ Kd6 44. Qf6+ Kc7 45. Qxe5+ Kc8 46. Rd4 Re2 47. Qf6 Re7+ 48. Kf8 Qxa3 49. Qxe7 1-0

[Event "Wch Seniors 50 31st"]
[Site "Terassini"]
[Date "2023.10.30"]
[Round "6"]
[White "Dlugy, Maxim"]
[Black "Lima, Darcy Gustavo Macha"]
[Result "1/2-1/2"]
[WhiteElo "2520"]
[BlackElo "2416"]
[PlyCount "54"]
[EventDate "2023.10.25"]
[EventType "swiss"]
[EventRounds "11"]
[EventCountry "ITA"]
[SourceTitle "Mega2024 Update 01"]
[Source "Chessbase"]
[SourceDate "2023.11.12"]
[SourceVersion "1"]
[SourceVersionDate "2023.11.12"]
[SourceQuality "1"]

1. d4 Nf6 2. Bf4 g6 3. Nc3 d5 4. e3 Bg7 5. Nb5 Na6 6. h3 0-0 7. Nf3 Ne4 8. Nd2 c6 9. Nxe4 dxe4 10. Nc3 c5 11. Nxe4 cxd4 12. exd4 Nb4 13. c3 Bf5 14. Qe2 Nd5 15. Be5 Bxe5 16. dxe5 Qa5 17. Nd2 Nxc3 18. bxc3 Qxc3 19. Rd1 Bc2 20. Rc1 Rfd8 21. Qe3 Qb2 22. Nc4 Qb4+ 23. Nd2 Qb2 24. Nc4 Qb4+ 25. Nd2 Rac8 26. a3 Qa5 27. Be2 Rc3 1/2-1/2

[Event "Manaus op 2nd"]
[Site "Manaus"]
[Date "2023.10.15"]
[Round "7"]
[White "Rodriguez Vila, Andres"]
[Black "Lima, Darcy Gustavo Macha"]
[Result "1-0"]
[WhiteElo "2392"]
[BlackElo "2416"]
[PlyCount "65"]
[EventDate "2023.10.11"]
[EventType "swiss"]
[EventRounds "9"]
[EventCountry "BRA"]
[SourceTitle "Mega2024 Update 01"]
[Source "Chessbase"]
[SourceDate "2023.11.12"]
[SourceVersion "1"]
[SourceVersionDate "2023.11.12"]
[SourceQuality "1"]

1. d4 Nf6 2. Nf3 d5 3. g3 e6 4. Bg2 b5 5. a4 b4 6. 0-0 Bb7 7. c4 bxc3 8. bxc3 Nbd7 9. a5 a6 10. c4 Be7 11. cxd5 exd5 12. Nc3 0-0 13. Bf4 c5 14. Qb1 Ra7 15. dxc5 Nxc5 16. Rd1 Ba8 17. Nd4 Re8 18. Qb6 Rd7 19. Nc6 Bxc6 20. Qxc6 Bf8 21. Nxd5 Nxd5 22. Bxd5 Rxe2 23. Be3 Qe7 24. Bd4 Ne6 25. Bb6 Rd6 26. Qc4 Ng5 27. Kf1 Rb2 28. Bd4 Rb5 29. Bc5 Rxc5 30. Qxc5 Qd7 31. Qc4 h5 32. h4 Nh7 33. Bf3 1-0

[Event "Manaus op 2nd"]
[Site "Manaus"]
[Date "2023.10.14"]
[Round "5"]
[White "Zallio, Luciano de Souza"]
[Black "Lima, Darcy Gustavo Macha"]
[Result "0-1"]
[WhiteElo "2055"]
[BlackElo "2416"]
[PlyCount "56"]
[EventDate "2023.10.11"]
[EventType "swiss"]
[EventRounds "9"]
[EventCountry "BRA"]
[SourceTitle "Mega2024 Update 01"]
[Source "Chessbase"]
[SourceDate "2023.11.12"]
[SourceVersion "1"]
[SourceVersionDate "2023.11.12"]
[SourceQuality "1"]

1. Nf3 Nf6 2. b3 g6 3. Bb2 Bg7 4. c4 0-0 5. g3 d6 6. d4 Nbd7 7. Bg2 e5 8. 0-0 Re8 9. e3 e4 10. Nfd2 c6 11. Nc3 d5 12. b4 Nf8 13. a4 h5 14. h3 N8h7 15. Ne2 Bf5 16. Nf4 Bh6 17. Qe2 Qd7 18. cxd5 cxd5 19. Kh2 a6 20. Rfc1 Ng5 21. h4 Bg4 22. Qf1 Nf3+ 23. Bxf3 Bxf3 24. Nxf3 exf3 25. Nd3 Ng4+ 26. Kg1 Qf5 27. Ne5 Bxe3 28. fxe3 f2+ 0-1

[Event "Pindamonhangaba Rezende Memorial"]
[Site "Pindamonhangaba"]
[Date "2023.08.05"]
[Round "4"]
[White "Di Berardino, Diego Rafael"]
[Black "Lima, Darcy Gustavo Macha"]
[Result "1/2-1/2"]
[WhiteElo "2479"]
[BlackElo "2410"]
[PlyCount "45"]
[EventDate "2023.08.04"]
[EventType "swiss"]
[EventRounds "6"]
[EventCountry "BRA"]
[SourceTitle "CBM 215 Extra"]
[Source "ChessBase"]
[SourceDate "2023.09.30"]
[SourceVersion "1"]
[SourceVersionDate "2023.09.30"]
[SourceQuality "1"]

1. d4 Nf6 2. c4 c5 3. d5 e5 4. Nc3 d6 5. e4 Be7 6. g3 h5 7. h4 a6 8. Be2 Nbd7 9. Nf3 g6 10. Kf1 Kf8 11. Kg2 Kg7 12. a3 Ng4 13. Ng5 Nf8 14. f3 Nh6 15. b4 f6 16. Nh3 b6 17. bxc5 bxc5 18. Rb1 Qc7 19. Na4 Rb8 20. Bd2 Rxb1 21. Qxb1 Nd7 22. Qb3 Bb7 23. Rb1 1/2-1/2

[Event "Caxambu op"]
[Site "Caxambu"]
[Date "2023.07.20"]
[Round "1"]
[White "Trombini, Fabio"]
[Black "Lima, Darcy Gustavo Macha"]
[Result "0-1"]
[WhiteElo "1844"]
[BlackElo "2410"]
[PlyCount "86"]
[EventDate "2023.07.20"]
[EventType "swiss"]
[EventRounds "7"]
[EventCountry "BRA"]
[SourceTitle "CBM 215 Extra"]
[Source "ChessBase"]
[SourceDate "2023.09.30"]
[SourceVersion "1"]
[SourceVersionDate "2023.09.30"]
[SourceQuality "1"]

1. b3 e5 2. Bb2 Nc6 3. c4 Nf6 4. e3 Be7 5. a3 0-0 6. d3 Re8 7. Nf3 Bf8 8. Be2 a5 9. 0-0 g6 10. Qc2 Bg7 11. Nc3 d6 12. Nd5 Nxd5 13. cxd5 Ne7 14. e4 c6 15. d4 cxd5 16. dxe5 dxe4 17. Qxe4 Nc6 18. Bb5 Bf5 19. Qa4 dxe5 20. Rfd1 Qc7 21. Bxc6 Qxc6 22. Qxc6 bxc6 23. Rac1 Rab8 24. Rc5 f6 25. Rxa5 Rxb3 26. Bc1 Bf8 27. h3 Rb1 28. Re1 Rd8 29. Nd2 Rxc1 30. Rxc1 Rxd2 31. Rxc6 Kf7 32. Ra7+ Bd7 33. a4 Be7 34. Rcc7 Rd1+ 35. Kh2 Ke6 36. a5 e4 37. g3 Bd8 38. Ra6+ Ke7 39. Rb7 Ke8 40. Raa7 e3 41. fxe3 Bc6 42. g4 Bxb7 43. Rxb7 Rd7 0-1

[Event "Charlotte Carolinas op"]
[Site "Charlotte"]
[Date "2023.06.10"]
[Round "3"]
[White "Lima, Darcy Gustavo Macha"]
[Black "Quesada Perez, Yasser"]
[Result "0-1"]
[WhiteElo "2426"]
[BlackElo "2609"]
[PlyCount "78"]
[EventDate "2023.06.09"]
[EventType "swiss"]
[EventRounds "5"]
[EventCountry "USA"]
[SourceTitle "CBM 214 Extra"]
[Source "ChessBase"]
[SourceDate "2023.07.31"]
[SourceVersion "1"]
[SourceVersionDate "2023.07.31"]
[SourceQuality "1"]

1. d4 Nf6 2. c4 e6 3. g3 d5 4. Nf3 dxc4 5. Bg2 a6 6. 0-0 Nc6 7. Nc3 Rb8 8. e4 Be7 9. Be3 0-0 10. Qe2 b5 11. Rad1 Nb4 12. Ne1 Bb7 13. a3 Nd3 14. Nxd3 cxd3 15. Qxd3 a5 16. f3 Ba6 17. Ne2 c5 18. Qc2 c4 19. h3 b4 20. axb4 axb4 21. Rfe1 Qc8 22. f4 Rd8 23. g4 g6 24. g5 Nh5 25. Bf3 Ng7 26. Kg2 Bb5 27. h4 Ra8 28. Ra1 Qb7 29. Ng3 Rxa1 30. Rxa1 Ra8 31. Qb1 Bc6 32. Rxa8+ Qxa8 33. Qc2 Qa2 34. d5 Ba4 35. Qc1 c3 36. Bd4 c2 37. Qe3 Bb5 38. Qd2 Qb1 39. Be3 Bc5 0-1

[Event "Naperville Shamkovich Memorial"]
[Site "Naperville"]
[Date "2023.06.04"]
[Round "9"]
[White "Lima, Darcy Gustavo Macha"]
[Black "Ezat, Mohamed Mahmoud"]
[Result "1-0"]
[WhiteElo "2448"]
[BlackElo "2402"]
[PlyCount "121"]
[EventDate "2023.05.31"]
[EventType "tourn"]
[EventRounds "9"]
[EventCountry "USA"]
[EventCategory "1"]
[SourceTitle "CBM 214 Extra"]
[Source "ChessBase"]
[SourceDate "2023.07.31"]
[SourceVersion "1"]
[SourceVersionDate "2023.07.31"]
[SourceQuality "1"]

1. d4 Nf6 2. c4 d6 3. Nc3 g6 4. e4 Bg7 5. Be2 0-0 6. Nf3 e5 7. 0-0 exd4 8. Nxd4 Re8 9. f3 c6 10. Kh1 Nbd7 11. Nc2 Nh5 12. g4 Nhf6 13. Qxd6 h5 14. g5 Nh7 15. Qg3 Be5 16. f4 Bxc3 17. Qxc3 Nc5 18. e5 f6 19. gxf6 Nxf6 20. Be3 Nce4 21. Qe1 Ng4 22. Rd1 Qe7 23. Bf3 Bf5 24. Nd4 Red8 25. Bg1 Nc5 26. Nxf5 gxf5 27. Bxc5 Qxc5 28. Bxg4 hxg4 29. Qh4 Rxd1 30. Rxd1 Qe3 31. Qg3 Qe4+ 32. Kg1 a5 33. h3 Kf7 34. Rd7+ Ke8 35. Rh7 Rd8 36. Rh8+ Kd7 37. Rxd8+ Kxd8 38. hxg4 a4 39. gxf5 Qb1+ 40. Kh2 Qxb2+ 41. Kh3 Qxa2 42. Qg5+ Kc7 43. Qe7+ Kb6 44. f6 Qf2 45. Qb4+ Kc7 46. Qd6+ Kb6 47. Qb4+ Kc7 48. Qd6+ Kb6 49. e6 Qf3+ 50. Kh4 a3 51. f7 Qh1+ 52. Kg5 Qg2+ 53. Kf6 a2 54. Qd8+ Ka6 55. Qa8+ Kb6 56. c5+ Kb5 57. Qxb7+ Kc4 58. Qa6+ Kd4 59. f8Q Qb2 60. Qd6+ Ke4+ 61. Qe5+ 1-0